000 00266nam a22001097a 4500
008 240531b |||||||| |||| 00| 0 eng d
100 _aAdwani, Jagat
_915052
245 _aIshq ji Versat
260 _aBombay
_bSindhi Novel Mala
_c1969
300 _a203p.
942 _cBK
999 _c39418
_d39418